Songs anhand von Bildern erkennen - Statistiken

Allgemein
  • Dieses Quiz wurde 533 mal gespielt
  • Das Durchschnittsergebnis liegt bei 6 aus 16
Antwortstatistiken
Bildquiz Hint Antwort % Korrekt
Crazy Town Butterfly
89%
Rihanna & Jay-z Umbrella
88%
Robbie Williams Angels
67%
Pink Floyd Money
64%
Hans Zimmer Time
54%
Phantom Planet California
44%
MGMT Kids
34%
Led Zeppelin Stairway to Heaven
34%
The Beatles Blackbird
29%
Shocking Blue Venus
29%
Cat Stevens Father and Son
26%
Bedrich Smetana Die Moldau
16%
Neil Young Old Man
14%
Macklemore & Ryan Lewis Wing$
11%
The Doors Riders on the Storm
10%
Bob Marley Exodus
2%
Keine übereinstimmenden Quizze gefunden
Verteilung der Resultate
Anzahl Personen mit jedem Resultat
Perzentil nach korrekt beantworteten Fragen
Ihre Resultats-Entwicklung
Sie haben dieses Quiz noch nicht gespielt